| 000 | 00689nam a2200181Ia 4500 | ||
|---|---|---|---|
| 005 | 20260603120909.0 | ||
| 008 | 260603s9999||||xx |||||||||||||| ||und|| | ||
| 020 | _a9788129519214 | ||
| 020 | _qhb | ||
| 082 |
_a891.44 _bROY.16E |
||
| 100 | _aরায়, দেবেস = Roy, Debes | ||
| 245 | 0 | _aতিস্তাপারের বৃত্তান্ত [ষোড়শ সংস্করণ] = Tristaparer britanta [16th ed.] [in Bengali] | |
| 250 | _a1st ed. 1988 ; 16th ed. 2013 | ||
| 260 |
_aকলকাতা = Kolkata _bডেইস পাবলিশিং = Deys Publishing _c2013 |
||
| 300 | _a504p. ; 21cm. | ||
| 653 | _aBengali Language--Literature | ||
| 942 | _cBK | ||
| 999 |
_c57097 _d57097 |
||